01006nam a2200337 c 4500001000800000003000900008005001700017007000800034008004000042015000600082017000900088020001800097035000600115040002500121080000600146080000600152082002000158100003200178245011900210260003300329300002000362336003200382337003100414500003600445504003300481504000600514650002800520650002300548651005500571700004200626a53079 DO-SdBNP20171121103215.0a53079 130124s2009 ck | |||| 001 0 spa  a  a b  a9781603966573 a  aBPMSUbspacBPMSUe  a  a  4aPe864.44bV297s1 aVargas Llosa, Mario,d1936-10aSables y utopías :bvisiones de América Latina /cMario Vargas Llosa ; selección y prólogo Carlos Granés aColombia : bAguilar, c2009 a460 p. ;c25 cm aTexto (visual)2isbdcontent asin mediación2isbdmedia aIncluye índices onomástico  aBibliografía: p. 461-[466] a  4aENSAYOS PERUANOS y 2  4aLITERATURA PERUANA 4aAMÉRICA LATINA xPOLÍTICA Y GOBIERNO y 2 1 aGranés, Carlos,d1975-4 epról.